00289nam a2200109Ia 4500008004100000082001500041100001600056245004400072260004700116300000800163650000800171191201s2009 xx 000 0 und d a658.3bSUP aSUBBARAO, P 0aPersonnel and Human Resource Management aN. DelhibHimalaya Publication Housec2009 a476 aBBA